Epping Forest and Philcox (Record no. 64460)

MARC details
000 -LEADER
fixed length control field 00645cam a2200169 4500
001 - CONTROL NUMBER
control field X107914
008 - FIXED-LENGTH DATA ELEMENTS--GENERAL INFORMATION
fixed length control field 000000n2000 000 0 eng u
035 ## - SYSTEM CONTROL NUMBER
System control number (Sirsi) u107914
245 ## - TITLE STATEMENT
Title Epping Forest and Philcox
260 ## - PUBLICATION, DISTRIBUTION, ETC.
Date of publication, distribution, etc. 2000
490 ## - SERIES STATEMENT
Series statement New Property Cases
Volume/sequential designation [2000] NPC (16/04/00)
520 ## - SUMMARY, ETC.
Summary, etc. QBD 13 April 2000. S191 of the T&CP 1990, as sustituted, forms a code complete in itself and is subject to no other general principles of law. HEADNOTE FROM JOURNAL - NOT TO BE PHOTOCOPIED.
650 ## - SUBJECT ADDED ENTRY--TOPICAL TERM
Topical term or geographic name entry element EPPING FOREST AND PHILCOX
650 ## - SUBJECT ADDED ENTRY--TOPICAL TERM
Topical term or geographic name entry element TOWN AND COUNTRY PLANNING ACT 1990
690 ## - LOCAL SUBJECT ADDED ENTRY--TOPICAL TERM (OCLC, RLIN)
Topical term or geographic name as entry element Planning and development
9 (RLIN) 6259
942 ## - ADDED ENTRY ELEMENTS (KOHA)
Suppress in OPAC 0
Holdings
Withdrawn status Lost status Source of classification or shelving scheme Damaged status Not for loan Home library Current library Shelving location Date acquired Total Checkouts Full call number Barcode Date last seen Copy number Price effective from Koha item type
    Dewey Decimal Classification     London London Journal article 21/08/2000   X107914 X107914 06/08/2019 1 06/08/2019 Law report